000 01530 a2200229 4500
001 29035
005 20260407155559.0
008 260407a1943 arg spa d
003 AR-UNSa-BCEJYS
040 _aAR-UNSa-BCEJYS
_bspa
_cAR-UNSa-BCEJYS
080 _a657
_xContabilidad
245 1 0 _aManual del contador
264 1 _aMéxico :
_bUnión Tipográfica Editorial Hispano-Americana (UTEHA)
_c1943
300 _a2v(896; 897-1849 p.)
_c19 cm.
505 _aTomo I: 1. Estados financieros - 2. Análisis de estado - 3. Representaciones graficas - 4. Clasificación de cuentas - 5. Caja - 6. Valores a recibir - 7. Inversiones - 8. Inventarios - 9. Terrenos y activos agotables - 10. Edificios y equipos - 11. Principios que rigen la depreciación - 12. Cuotas de depreciación - 13. Valuaciones de plantas industriales - 14. Intangibles - Tomo II: 15. Pasivo circulante - 16. Pasivo fijo - 17. Capital social - 18. Superavit, reservas , dividendos - 19. Estados consolidados - 20. Determinación de los rendimientos - 21. Organización de la contabilidad y control - 22. Presupuestos - 23. Ventas - 24. Costos de fabricación - 25. Costos de distribución - 26. Costos estandar - 27. Sistemas de contabilidad - 28. Métodos mecánicos - 29. Contaduria pública - 30. Contabilidad fiduciaria - 31. Métodos matmáticos y tablas.
942 _cBK
590 _aniveau_biblio:m niveau_hierar:0
100 1 _aPaton, William A.
700 1 _aCasas Alatriste, Roberto
700 1 _aMartinez, Enrique
700 1 _aOrtiz, Teodoro
999 _c1789
_d1789